[Event "SC Groebenzell 1-SK Kriegshaber 1"]
[Site "?"]
[Date "2023.10.22"]
[Round "1.1"]
[White "Demel, Paul"]
[Black "Schuster, Karsten"]
[Result "1/2-1/2"]
[WhiteElo "2108"]
[BlackElo "2305"]
[PlyCount "98"]
[EventDate "2023.??.??"]
[WhiteTeam "SK Kriegshaber 1"]
[BlackTeam "SC Gröbenzell 1"]

1. e4 c6 2. d4 d5 3. e5 Bf5 4. Nf3 e6 5. Be2 c5 6. c3 Nc6 7. O-O cxd4 8. Nxd4 Nxd4 9. cxd4 Ne7 10. Nc3 Nc6 11. g4 Bg6 12. f4 Qd7 13. f5 exf5 14. h4 h5 15. gxh5 Bh7 16. Bf3 Be7 17. Bg5 f4 18. Nxd5 Bxg5 19. hxg5 Rd8 20. Nxf4 Qf5 21. Bxc6+ bxc6 22. Qf3 Qxg5+ 23. Kf2 O-O 24. Rad1 c5 25. Rg1 Qh4+ 26. Qg3 Qxg3+ 27. Rxg3 Rxd4 28. Rxd4 cxd4 29. h6 g6 30. Nd5 Rb8 31. Nf6+ Kh8 32. b3 Rb5 33. Rg5 Rc5 34. Kf3 Rc2 35. Ke4 Rxa2 36. Kxd4 Rh2 37. Ng4 Rh4 38. Kc5 Kg8 39. Nf6+ Kh8 40. Ng4 Kg8 41. b4 Kf8 42. Kd6 Rh5 43. Nf6 Rxh6 44. b5 Rh1 45. Kc6 Kg7 46. Kb7 Rb1 47. Kc6 Rc1+ 48. Kd6 Rb1 49. Kc6 Rc1+ 1/2-1/2

[Event "SC Groebenzell 1-SK Kriegshaber 1"]
[Site "?"]
[Date "2023.10.22"]
[Round "1.2"]
[White "Hoy, Bernd"]
[Black "Kudrytsky, Stanislav"]
[Result "1-0"]
[WhiteElo "2187"]
[BlackElo "2055"]
[PlyCount "63"]
[EventDate "2023.??.??"]
[WhiteTeam "SC Gröbenzell 1"]
[BlackTeam "SK Kriegshaber 1"]

1. e4 d6 2. Nc3 Nf6 3. d3 e5 4. f4 Be7 5. Nf3 Nbd7 6. g3 c6 7. Bg2 Qb6 8. Qe2 O-O 9. Rb1 Re8 10. Be3 Qc7 11. O-O b5 12. b4 a5 13. a3 Bb7 14. h3 axb4 15. axb4 Ra3 16. Qe1 d5 17. fxe5 dxe4 18. Nd4 Qxe5 19. Rf5 Qb8 20. Nxe4 Nxe4 21. Bxe4 g6 22. Bxc6 gxf5 23. Bxd7 Rd8 24. Bxf5 Qe5 25. Qf2 Bxb4 26. Nb3 Bd6 27. Kh2 Re8 28. Re1 Bb4 29. Bxh7+ Kxh7 30. Qxf7+ Kh8 31. Bd4 Bxe1 32. Qxe8+ 1-0

[Event "SC Groebenzell 1-SK Kriegshaber 1"]
[Site "?"]
[Date "2023.10.22"]
[Round "1.3"]
[White "Reis, Thomas"]
[Black "Grawe, Christian"]
[Result "1-0"]
[WhiteElo "2210"]
[BlackElo "2197"]
[PlyCount "63"]
[EventDate "2023.??.??"]
[WhiteTeam "SK Kriegshaber 1"]
[BlackTeam "SC Gröbenzell 1"]

1. d4 Nf6 2. Nf3 e6 3. c4 b6 4. e3 Bb7 5. Bd3 d5 6. b3 Bb4+ 7. Nbd2 O-O 8. O-O Re8 9. Bb2 Nbd7 10. a3 Bf8 11. Qe2 Ne4 12. Rfd1 a5 13. Rac1 Ndf6 14. Ne5 Bd6 15. f3 Nxd2 16. Rxd2 Qe7 17. a4 Rad8 18. Rdc2 c5 19. cxd5 Nxd5 20. Bb5 Rf8 21. Nc4 Bb8 22. dxc5 bxc5 23. Rd2 Nb4 24. Rcd1 h6 25. Rd7 Rxd7 26. Rxd7 Qh4 27. g3 Bxg3 28. Rxb7 Nd3 29. Bc3 Bf2+ 30. Kh1 Qg5 31. Qf1 Bh4 32. Qxd3 1-0

[Event "SC Groebenzell 1-SK Kriegshaber 1"]
[Site "?"]
[Date "2023.10.22"]
[Round "1.4"]
[White "Kempter, Ronald"]
[Black "Kamenskyi, Dmytro"]
[Result "1-0"]
[WhiteElo "2167"]
[BlackElo "2107"]
[PlyCount "115"]
[EventDate "2023.??.??"]
[WhiteTeam "SC Gröbenzell 1"]
[BlackTeam "SK Kriegshaber 1"]

1. Nf3 Nf6 2. g3 d5 3. Bg2 e6 4. O-O b5 5. d4 Bb7 6. Qd3 a6 7. Bg5 Nbd7 8. Nbd2 c5 9. c3 Qc7 10. a4 c4 11. Qb1 Bd6 12. b4 cxb3 13. Qxb3 bxa4 14. Qxa4 O-O 15. Rfb1 Rfb8 16. c4 Nb6 17. Rxb6 Qxb6 18. c5 Bxc5 19. dxc5 Qxc5 20. Nb3 Qc6 21. Qa3 Ne4 22. Bf4 Rc8 23. Na5 Qb6 24. Be3 Qc7 25. Rb1 Bc6 26. Rc1 Qd6 27. Qxd6 Nxd6 28. Nxc6 Kh8 29. Nd2 a5 30. Bf4 Nc4 31. Ne7 Re8 32. Nxc4 Rxe7 33. Nxa5 f6 34. Bd2 Kg8 35. e4 dxe4 36. Bxe4 Rae8 37. Nc6 Rd7 38. Bb4 Kf7 39. h4 g6 40. Kg2 Rh8 41. Rc3 Re8 42. Ne5+ fxe5 43. Rf3+ Kg8 44. Bc6 Rb8 45. Bxd7 Rxb4 46. Bxe6+ Kg7 47. g4 h5 48. Rf7+ Kh8 49. Kg3 hxg4 50. Bxg4 Ra4 51. Re7 Ra5 52. Bf3 Kg8 53. Be4 Kf8 54. Rb7 Ra1 55. f3 Ra6 56. Kg4 Rf6 57. Kg5 Rf4 58. Rb5 1-0

[Event "SC Groebenzell 1-SK Kriegshaber 1"]
[Site "?"]
[Date "2023.10.22"]
[Round "1.5"]
[White "Bintakies, Michael"]
[Black "Pieper, Thomas"]
[Result "0-1"]
[WhiteElo "2115"]
[BlackElo "2156"]
[PlyCount "96"]
[EventDate "2023.??.??"]
[WhiteTeam "SK Kriegshaber 1"]
[BlackTeam "SC Gröbenzell 1"]

1. d4 Nf6 2. c4 g6 3. Nc3 Bg7 4. e4 d6 5. h3 O-O 6. Be3 c5 7. d5 e6 8. Bd3 exd5 9. exd5 Re8 10. Nf3 Rxe3+ 11. fxe3 Nfd7 12. O-O Qe7 13. Qc2 Ne5 14. Nxe5 Bxe5 15. Rf3 Nd7 16. Raf1 Bg7 17. Rxf7 Qxe3+ 18. Kh1 Ne5 19. Re7 Bxh3 20. Rff7 Bxg2+ 21. Qxg2 Qh6+ 22. Qh2 Qxh2+ 23. Kxh2 Nxf7 24. Rxb7 Bxc3 25. bxc3 Ne5 26. Be2 Rf8 27. Kg3 Rf7 28. Rb8+ Kg7 29. a4 h5 30. a5 Kh6 31. a6 h4+ 32. Kg2 h3+ 33. Kxh3 Rf2 34. Bg4 Ra2 35. Bc8 Nxc4 36. Bb7 Ra3 37. Ra8 Rxc3+ 38. Kg2 Ra3 39. Rxa7 Nb6 40. Bc6 c4 41. Bb5 c3 42. Kf2 Nxd5 43. Bd3 c2 44. Bxc2 Ra2 45. Rd7 Rxc2+ 46. Kf3 Rc3+ 47. Kf2 Ra3 48. Rxd6 Nb4 0-1

[Event "SC Groebenzell 1-SK Kriegshaber 1"]
[Site "?"]
[Date "2023.10.22"]
[Round "1.6"]
[White "Golder, Waldemar"]
[Black "Stoer, Andreas"]
[Result "0-1"]
[WhiteElo "2029"]
[BlackElo "2065"]
[PlyCount "92"]
[EventDate "2023.??.??"]
[WhiteTeam "SC Gröbenzell 1"]
[BlackTeam "SK Kriegshaber 1"]

1. Nf3 Nf6 2. c4 c5 3. Nc3 g6 4. g3 Bg7 5. Bg2 O-O 6. O-O d5 7. cxd5 Nxd5 8. Nxd5 Qxd5 9. d3 Nc6 10. Qc2 Bd7 11. Be3 b6 12. d4 cxd4 13. Qd2 Qd6 14. Nxd4 Nxd4 15. Bxd4 Bxd4 16. Rad1 Bc5 17. Bxa8 Rxa8 18. b4 Qxd2 19. Rxd2 Bd6 20. Rc1 Be6 21. a3 a5 22. Rd4 Be5 23. Rd2 axb4 24. axb4 Ra4 25. Rb1 Bd6 26. Rd4 b5 27. Kg2 Bc4 28. e3 Bxb4 29. h4 h5 30. g4 hxg4 31. Rxg4 Bd6 32. Rd4 Be5 33. Rd8+ Kg7 34. h5 gxh5 35. Kf3 Kg6 36. Rg1+ Kf5 37. Rh1 h4 38. e4+ Ke6 39. Rxh4 b4 40. Kg2 b3 41. f4 Bc3 42. Rh6+ f6 43. Rh7 Ra7 44. Rh3 Ra2+ 45. Kf3 b2 46. Rh7 Bb4 0-1

[Event "SC Groebenzell 1-SK Kriegshaber 1"]
[Site "?"]
[Date "2023.10.22"]
[Round "1.7"]
[White "Filin, Denys"]
[Black "Foessmeier, Ulrich Johann"]
[Result "1/2-1/2"]
[WhiteElo "2044"]
[BlackElo "2162"]
[PlyCount "105"]
[EventDate "2023.??.??"]
[WhiteTeam "SK Kriegshaber 1"]
[BlackTeam "SC Gröbenzell 1"]

1. Nf3 d5 2. c4 e6 3. d4 Nf6 4. Nc3 Be7 5. g3 O-O 6. Bg2 dxc4 7. Ne5 Nc6 8. Bxc6 bxc6 9. Nxc6 Qe8 10. Nxe7+ Qxe7 11. Qa4 e5 12. Qxc4 exd4 13. Qxd4 c5 14. Qe3 Be6 15. f3 Rab8 16. O-O Rfe8 17. Qf2 Nd7 18. Rd1 Rb7 19. Ne4 Rb6 20. b3 c4 21. Bf4 cxb3 22. axb3 Bxb3 23. Rd2 Nf8 24. Bd6 Qb7 25. Nc5 Qc6 26. Bxf8 Rxf8 27. Nd7 Rd8 28. Ne5 Qe8 29. Rxd8 Qxd8 30. Rxa7 Re6 31. Rd7 Qa5 32. Rb7 Qxe5 33. Rxb3 h5 34. e4 h4 35. g4 h3 36. Rb1 Ra6 37. Rc1 g5 38. Qc2 Ra1 39. Rxa1 Qxa1+ 40. Kf2 Qe5 41. Kf1 Qf4 42. Qf2 Qc1+ 43. Qe1 Qf4 44. Qe2 Qc1+ 45. Kf2 Qf4 46. Kg1 Qe5 47. Qd1 Qb2 48. Qf1 Qd4+ 49. Kh1 Qh8 50. Qc1 Qf6 51. Qf1 Qh8 52. Qd1 Qb2 53. Qf1 1/2-1/2

[Event "SC Groebenzell 1-SK Kriegshaber 1"]
[Site "?"]
[Date "2023.10.22"]
[Round "1.8"]
[White "Kaunzinger, Albert"]
[Black "Belevtsov, Vladimir"]
[Result "1-0"]
[WhiteElo "2132"]
[BlackElo "1922"]
[PlyCount "113"]
[EventDate "2023.??.??"]
[WhiteTeam "SC Gröbenzell 1"]
[BlackTeam "SK Kriegshaber 1"]

1. Nc3 d5 2. e4 e6 3. g3 Nf6 4. Bg2 Be7 5. e5 Nfd7 6. f4 c5 7. Nf3 Nc6 8. O-O a6 9. b3 b5 10. Bb2 b4 11. Ne2 Qc7 12. Kh1 d4 13. c3 dxc3 14. dxc3 Bb7 15. cxb4 Nxb4 16. Nc3 Nd5 17. Qe2 Nxc3 18. Bxc3 Nb6 19. Ba5 Qc6 20. Bxb6 Qxb6 21. Nd2 O-O 22. Nc4 Qc7 23. Rad1 Rfd8 24. Bxb7 Qxb7+ 25. Qg2 Qc7 26. Qf3 Rab8 27. g4 Rd4 28. Rxd4 cxd4 29. Rd1 Bc5 30. Rd3 f6 31. exf6 gxf6 32. Qe4 Qb7 33. Qxb7 Rxb7 34. Kg2 Rg7 35. Rg3 Rd7 36. Rd3 Kg7 37. Kf3 f5 38. h3 Kf6 39. Ne5 Rd5 40. Rd1 Bd6 41. Nd3 Ba3 42. Rd2 h6 43. Rc2 a5 44. Rc7 Bd6 45. Rd7 fxg4+ 46. hxg4 Kg6 47. Ke4 Kf6 48. a3 Bxa3 49. Rxd5 exd5+ 50. Kxd5 Kg6 51. Kxd4 h5 52. gxh5+ Kxh5 53. Ke5 Kg6 54. Ke6 Kg7 55. f5 Kg8 56. Ne5 Kf8 57. Nc6 1-0

[Event "SC 1868 Bamberg 1-SK Weilheim 1"]
[Site "?"]
[Date "2023.10.22"]
[Round "1.1"]
[White "Lehner, Oliver"]
[Black "Kolb, Tobias"]
[Result "0-1"]
[WhiteElo "2394"]
[BlackElo "2329"]
[PlyCount "86"]
[EventDate "2023.??.??"]
[WhiteTeam "SK Weilheim 1"]
[BlackTeam "SC 1868 Bamberg 1"]

1. e4 c6 2. d4 d5 3. e5 Bf5 4. Nf3 e6 5. Be2 c5 6. c3 Nc6 7. O-O Bg4 8. Nbd2 cxd4 9. Nxd4 Bxe2 10. Qxe2 Nge7 11. N2b3 Nxd4 12. cxd4 Nc6 13. Bd2 Qb6 14. Bc3 a5 15. Rad1 Bb4 16. Qg4 O-O 17. Rd3 a4 18. Rg3 g6 19. Nd2 a3 20. Rb1 Qa5 21. Nb3 Qa4 22. h4 axb2 23. Rxb2 Bxc3 24. Rxc3 Nxe5 25. Qf4 Qb4 26. Rh3 Nc4 27. Rc2 h5 28. g4 Qd6 29. Qf3 hxg4 30. Qxg4 e5 31. h5 e4 32. Rg3 Kg7 33. Nc5 Rae8 34. Nxb7 Qf6 35. hxg6 fxg6 36. Nc5 Qf5 37. a4 Qxg4 38. Rxg4 Rf3 39. Rg5 Rf5 40. Rg3 Rb8 41. Ra2 Na5 42. f3 exf3 43. Kf2 Rh8 0-1

[Event "SC 1868 Bamberg 1-SK Weilheim 1"]
[Site "?"]
[Date "2023.10.22"]
[Round "1.2"]
[White "Burdalev, Kirill"]
[Black "Guttenthaler, Franz"]
[Result "1/2-1/2"]
[WhiteElo "2386"]
[BlackElo "2300"]
[PlyCount "34"]
[EventDate "2023.??.??"]
[WhiteTeam "SC 1868 Bamberg 1"]
[BlackTeam "SK Weilheim 1"]

1. d4 Nf6 2. c4 e6 3. Nf3 Bb4+ 4. Bd2 c5 5. Bxb4 cxb4 6. a3 bxa3 7. Rxa3 b6 8. Nc3 O-O 9. e4 d6 10. Bd3 Nc6 11. Bc2 Bb7 12. O-O a5 13. Nb5 Nb4 14. Re1 Ba6 15. Ba4 Bxb5 16. Bxb5 Qc7 17. Qd2 Rad8 1/2-1/2

[Event "SC 1868 Bamberg 1-SK Weilheim 1"]
[Site "?"]
[Date "2023.10.22"]
[Round "1.3"]
[White "Deglmann, Ludwig"]
[Black "Pribyl, Josef"]
[Result "1/2-1/2"]
[WhiteElo "2208"]
[BlackElo "2206"]
[PlyCount "32"]
[EventDate "2023.??.??"]
[WhiteTeam "SK Weilheim 1"]
[BlackTeam "SC 1868 Bamberg 1"]

1. c4 e5 2. g3 Nc6 3. Bg2 g6 4. Nc3 Bg7 5. e4 d6 6. Nge2 Be6 7. Nd5 Qd7 8. d3 f5 9. O-O Nd8 10. exf5 gxf5 11. d4 c6 12. Ne3 Ne7 13. d5 cxd5 14. Nxd5 O-O 15. Be3 Ng6 16. f4 exf4 1/2-1/2

[Event "SC 1868 Bamberg 1-SK Weilheim 1"]
[Site "?"]
[Date "2023.10.22"]
[Round "1.5"]
[White "de Francesco, Klaus"]
[Black "Hofmann, Lorenz"]
[Result "0-1"]
[WhiteElo "2126"]
[BlackElo "2138"]
[PlyCount "118"]
[EventDate "2023.??.??"]
[WhiteTeam "SK Weilheim 1"]
[BlackTeam "SC 1868 Bamberg 1"]

1. d4 Nf6 2. c4 b6 3. Nc3 Bb7 4. Bg5 e6 5. a3 Be7 6. Nf3 h6 7. Bh4 Ne4 8. Bxe7 Qxe7 9. Qc2 Nxc3 10. Qxc3 d6 11. e3 Nd7 12. Be2 Nf6 13. O-O h5 14. b4 h4 15. h3 g5 16. Nxg5 O-O-O 17. f4 Nh7 18. Nxh7 Rxh7 19. c5 Kb8 20. c6 Bc8 21. a4 Rg8 22. Rf3 Rhg7 23. Bf1 e5 24. dxe5 dxe5 25. Qxe5 Qxb4 26. Qd4 Qxd4 27. exd4 Be6 28. Rc1 Bd5 29. Rf2 Rg6 30. f5 Rxc6 31. Rxc6 Bxc6 32. Bc4 Rf8 33. a5 b5 34. Rb2 a6 35. Bb3 f6 36. Rf2 Rd8 37. Rf4 Bd5 38. Bxd5 Rxd5 39. Kf2 b4 40. Ke3 Rxa5 41. Kd3 Ra2 42. Kc4 a5 43. Rxh4 Rc2+ 44. Kd3 Rxg2 45. Kc4 Rc2+ 46. Kd3 Rc3+ 47. Kd2 Rf3 48. Re4 Rxf5 49. Re6 Kb7 50. Kd3 Rf3+ 51. Kc4 Rc3+ 52. Kb5 Rxh3 53. Kxa5 b3 54. Kb4 b2 55. Re1 Kc6 56. Kc4 Rh8 57. Kc3 Rb8 58. Rb1 Kd5 59. Kd3 f5 0-1

[Event "SC 1868 Bamberg 1-SK Weilheim 1"]
[Site "?"]
[Date "2023.10.22"]
[Round "1.6"]
[White "Ploehn, Heiko"]
[Black "Lochte, Thomas"]
[Result "1-0"]
[WhiteElo "2118"]
[BlackElo "1964"]
[PlyCount "81"]
[EventDate "2023.??.??"]
[WhiteTeam "SC 1868 Bamberg 1"]
[BlackTeam "SK Weilheim 1"]

1. d4 Nf6 2. Nc3 e6 3. e4 Bb4 4. Bd3 d5 5. e5 Ne4 6. Qg4 Nxc3 7. Qxg7 Rf8 8. a3 Qh4 9. Nf3 Qe7 10. axb4 Ne4 11. c3 f5 12. exf6 Qxf6 13. Qxc7 Nd7 14. Be3 Rg8 15. Bxe4 dxe4 16. Nd2 Rxg2 17. Nxe4 Qf3 18. Qf4 Qxf4 19. Bxf4 Rg4 20. Nd6+ Ke7 21. Bg3 Nf6 22. Nxc8+ Rxc8 23. Rxa7 Rxd4 24. Rxb7+ Nd7 25. Ke2 Rd5 26. Rd1 Ra8 27. c4 Rxd1 28. Kxd1 e5 29. Bxe5 Ke6 30. Bg3 Nf6 31. Rb6+ Kf5 32. Rxf6+ Kxf6 33. b5 Ke6 34. b6 Rd8+ 35. Kc2 Rd7 36. Kc3 Rb7 37. Bc7 Kd7 38. b4 Kc6 39. Kd4 h5 40. b5+ Kd7 41. c5 1-0

[Event "SC 1868 Bamberg 1-SK Weilheim 1"]
[Site "?"]
[Date "2023.10.22"]
[Round "1.7"]
[White "Limmer, Marco"]
[Black "Mittag, Ralf"]
[Result "0-1"]
[WhiteElo "1887"]
[BlackElo "2113"]
[PlyCount "56"]
[EventDate "2023.??.??"]
[WhiteTeam "SK Weilheim 1"]
[BlackTeam "SC 1868 Bamberg 1"]

1. e4 g6 2. d4 Bg7 3. Nc3 d6 4. f4 Nc6 5. Be3 Nf6 6. Be2 O-O 7. d5 Nb8 8. Qd2 c6 9. h3 cxd5 10. exd5 a6 11. g4 b5 12. g5 Ne8 13. h4 Nd7 14. h5 Nc5 15. hxg6 fxg6 16. Bf3 Qc7 17. Bd4 Bxd4 18. Qxd4 Ng7 19. Nge2 Nf5 20. Qf2 b4 21. Ne4 Nxe4 22. Bxe4 Qc4 23. Qf3 Nd4 24. Nxd4 Qxd4 25. c3 bxc3 26. bxc3 Qc4 27. Rxh7 Bg4 28. Qh1 Qe2# 0-1

[Event "SC 1868 Bamberg 1-SK Weilheim 1"]
[Site "?"]
[Date "2023.10.22"]
[Round "1.8"]
[White "Wichmann, Adrian"]
[Black "Muhl, Christian"]
[Result "1-0"]
[WhiteElo "2084"]
[BlackElo "1891"]
[PlyCount "83"]
[EventDate "2023.??.??"]
[WhiteTeam "SC 1868 Bamberg 1"]
[BlackTeam "SK Weilheim 1"]

1. e4 c5 2. Nc3 Nc6 3. f4 d6 4. Nf3 g6 5. d3 Bg7 6. Be3 Nf6 7. Qd2 a6 8. h3 h5 9. Be2 Qc7 10. O-O Bd7 11. a4 b6 12. d4 cxd4 13. Nxd4 Na5 14. b3 O-O 15. Bf3 Rac8 16. Nde2 b5 17. axb5 axb5 18. e5 b4 19. exf6 bxc3 20. Qd5 Bxf6 21. Qxa5 Bf5 22. Qxc7 Rxc7 23. Ra2 e5 24. fxe5 dxe5 25. Bd5 Kg7 26. Bc4 Be6 27. Bxe6 fxe6 28. Rd1 Rff7 29. Ra6 Rfe7 30. Ng3 Rcd7 31. Rad6 Rc7 32. Ne4 Rf7 33. Rxe6 Be7 34. Rxe5 Bb4 35. Rb5 Rb7 36. Rbd5 Rfe7 37. Bd4+ Kh6 38. Ng5 Re2 39. h4 Rxc2 40. Rd8 Rh7 41. Nxh7 Kxh7 42. Rh8# 1-0

[Event "SK Schwandorf 1-TSV Trostberg 1"]
[Site "?"]
[Date "2023.10.22"]
[Round "1.1"]
[White "Weiss, Christian"]
[Black "Zvara, Petr"]
[Result "1/2-1/2"]
[WhiteElo "2343"]
[BlackElo "2335"]
[PlyCount "86"]
[EventDate "2023.??.??"]
[WhiteTeam "TSV Trostberg 1"]
[BlackTeam "SK Schwandorf 1"]

1. d4 Nf6 2. g3 d5 3. Nf3 e6 4. c4 Nbd7 5. cxd5 exd5 6. Nc3 Be7 7. Bg2 O-O 8. O-O c6 9. a3 a5 10. Bf4 Nb6 11. Qc2 g6 12. b3 Bf5 13. Qb2 Ne4 14. Rfd1 Re8 15. Ne5 Nxc3 16. Qxc3 Bd6 17. Ra2 Qe7 18. a4 g5 19. Bc1 f6 20. Nd3 Kg7 21. f3 Qf7 22. Nc5 Nd7 23. Be3 b6 24. Nxd7 Bb4 25. Qc1 Qxd7 26. Bf2 Rac8 27. Qa1 Re7 28. Bf1 Rce8 29. Qc1 Qd6 30. e3 h5 31. Bd3 Bxd3 32. Rxd3 g4 33. Rc2 Rc8 34. Qa1 Qd7 35. Be1 Bxe1 36. Qxe1 Qf5 37. Qd1 gxf3 38. Rf2 Rce8 39. Rxf3 Qg5 40. Qd2 Re4 41. Qf2 R8e6 42. Kg2 Qg6 43. Rd2 Qe8 1/2-1/2

[Event "SK Schwandorf 1-TSV Trostberg 1"]
[Site "?"]
[Date "2023.10.22"]
[Round "1.2"]
[White "Barth, Norbert"]
[Black "Windhager, Hannes"]
[Result "1/2-1/2"]
[WhiteElo "2221"]
[BlackElo "2239"]
[PlyCount "43"]
[EventDate "2023.??.??"]
[WhiteTeam "SK Schwandorf 1"]
[BlackTeam "TSV Trostberg 1"]

1. e4 e5 2. Nf3 Nc6 3. Nc3 Nf6 4. d4 exd4 5. Nxd4 Bb4 6. Nxc6 bxc6 7. Bd3 d5 8. exd5 O-O 9. O-O Bg4 10. Be2 Bxe2 11. Qxe2 cxd5 12. Bg5 Bxc3 13. bxc3 Qd6 14. Bxf6 Qxf6 15. Qd3 Rfd8 16. g3 Rab8 17. Rab1 Rb6 18. Rfe1 g6 19. h4 c5 20. c4 dxc4 21. Qxc4 Qd4 22. Qxd4 1/2-1/2

[Event "SK Schwandorf 1-TSV Trostberg 1"]
[Site "?"]
[Date "2023.10.22"]
[Round "1.3"]
[White "Hinterreiter, Markus"]
[Black "Votruba, Pavel"]
[Result "1/2-1/2"]
[WhiteElo "2298"]
[BlackElo "2222"]
[PlyCount "36"]
[EventDate "2023.??.??"]
[WhiteTeam "TSV Trostberg 1"]
[BlackTeam "SK Schwandorf 1"]

1. c4 e6 2. g3 Nf6 3. Bg2 d5 4. Nf3 dxc4 5. Qa4+ Nbd7 6. Qxc4 a6 7. Qc2 c5 8. Nc3 Be7 9. O-O Ra7 10. a4 b6 11. d3 Bb7 12. e4 Qa8 13. b3 O-O 14. Nd2 Ng4 15. Nc4 Nge5 16. Bf4 Nc6 17. Bc7 Bd8 18. Bd6 Be7 1/2-1/2

[Event "SK Schwandorf 1-TSV Trostberg 1"]
[Site "?"]
[Date "2023.10.22"]
[Round "1.4"]
[White "Schmidt, Oliver"]
[Black "Knoll, Hermann"]
[Result "0-1"]
[WhiteElo "2020"]
[BlackElo "2206"]
[PlyCount "72"]
[EventDate "2023.??.??"]
[WhiteTeam "SK Schwandorf 1"]
[BlackTeam "TSV Trostberg 1"]

1. d4 Nf6 2. c4 g6 3. Nc3 Bg7 4. e4 d6 5. Nf3 O-O 6. Be2 e5 7. Be3 Na6 8. O-O c6 9. d5 cxd5 10. cxd5 Ng4 11. Bg5 f6 12. Bc1 f5 13. Ng5 Nf6 14. f3 Nc7 15. exf5 gxf5 16. f4 e4 17. Be3 h6 18. Nh3 Kh7 19. Nf2 b6 20. Qd2 Bb7 21. Bc4 Qe8 22. a4 Qg6 23. Kh1 Rg8 24. Rg1 Bf8 25. Rad1 h5 26. Qe2 Be7 27. b4 h4 28. h3 Nh5 29. Qd2 Bf6 30. Ne2 Ng3+ 31. Kh2 Bxd5 32. Bxd5 Nxd5 33. Nd4 Nxe3 34. Qxe3 Bxd4 35. Qxd4 Ne2 36. Qxd6 Qxd6 0-1

[Event "SK Schwandorf 1-TSV Trostberg 1"]
[Site "?"]
[Date "2023.10.22"]
[Round "1.5"]
[White "Mostbauer, Florian"]
[Black "Muehling, Werner"]
[Result "1-0"]
[WhiteElo "2318"]
[BlackElo "2015"]
[PlyCount "93"]
[EventDate "2023.??.??"]
[WhiteTeam "TSV Trostberg 1"]
[BlackTeam "SK Schwandorf 1"]

1. d4 Nf6 2. Nf3 g6 3. Bg5 Bg7 4. Nbd2 c5 5. Bxf6 Bxf6 6. Ne4 Bxd4 7. Nxd4 cxd4 8. Qxd4 O-O 9. c4 Nc6 10. Qd2 Qa5 11. Qxa5 Nxa5 12. b3 b6 13. Nc3 Bb7 14. Rd1 Rfd8 15. f3 d6 16. e4 Bc6 17. Be2 Nb7 18. Kf2 Kf8 19. h4 h6 20. Ke3 e6 21. Rd2 Ke7 22. f4 f6 23. Bf3 a5 24. g4 e5 25. f5 Kf7 26. g5 hxg5 27. hxg5 Rh8 28. Rdh2 Rxh2 29. Rxh2 Rg8 30. fxg6+ Kxg6 31. Bh5+ Kg7 32. gxf6+ Kxf6 33. Rf2+ Ke7 34. Rf7+ Kd8 35. Nb5 Bd7 36. Rh7 Rg2 37. Rh8+ Ke7 38. Nc7 Bc6 39. Rh7+ Kf8 40. Ne6+ Kg8 41. Rc7 Bxe4 42. Bf7+ Kh8 43. Kxe4 Nc5+ 44. Nxc5 dxc5 45. Kxe5 Rxa2 46. Kf6 Rf2+ 47. Kg6 1-0

[Event "SK Schwandorf 1-TSV Trostberg 1"]
[Site "?"]
[Date "2023.10.22"]
[Round "1.6"]
[White "Lautner, Juergen"]
[Black "Kobl, Rudolf"]
[Result "1/2-1/2"]
[WhiteElo "1996"]
[BlackElo "2084"]
[PlyCount "156"]
[EventDate "2023.??.??"]
[WhiteTeam "SK Schwandorf 1"]
[BlackTeam "TSV Trostberg 1"]

1. c4 c5 2. g3 Nc6 3. Bg2 Nf6 4. Nc3 e6 5. Nf3 d5 6. cxd5 exd5 7. d4 cxd4 8. Nxd4 Bc5 9. Nb3 Bb6 10. O-O d4 11. Na4 O-O 12. Bg5 Re8 13. Rc1 h6 14. Bxf6 Qxf6 15. Nac5 Bg4 16. Re1 d3 17. Nxd3 Rad8 18. Qc2 Rc8 19. Qd2 Rcd8 20. Qf4 Qxf4 21. Nxf4 Na5 22. Nxa5 Bxa5 23. Red1 Bd2 24. Ra1 Bxf4 25. Rxd8 Rxd8 26. gxf4 Rd2 27. Bxb7 Rxb2 28. Bf3 Bxf3 29. exf3 Kf8 30. Kg2 Ke7 31. Kg3 Kf6 32. a3 a5 33. Rc1 Rb3 34. Rc6+ Ke7 35. Rc7+ Ke6 36. f5+ Kf6 37. Rc6+ Ke7 38. Rc7+ Ke8 39. Ra7 Rxa3 40. h3 Kf8 41. Kg2 Kg8 42. Ra8+ Kh7 43. Ra7 f6 44. h4 Ra4 45. Kg3 h5 46. Ra8 Ra1 47. Kg2 a4 48. Ra7 a3 49. Kh2 Rd1 50. Rxa3 Rd5 51. Kg3 Rxf5 52. Ra7 Kg6 53. Rb7 Ra5 54. Rc7 Ra1 55. Kg2 Kh6 56. Rb7 g5 57. hxg5+ Kxg5 58. Rb5+ f5 59. Rb8 Ra6 60. Rg8+ Kf4 61. Rg7 h4 62. Rf7 Rg6+ 63. Kh3 Rg1 64. Kh2 Rg5 65. Rh7 Kxf3 66. Rxh4 Kxf2 67. Rf4+ Ke3 68. Ra4 f4 69. Ra3+ Ke4 70. Ra4+ Kf3 71. Ra3+ Kg4 72. Kg2 Rb5 73. Kf2 Rb2+ 74. Kf1 Rh2 75. Rb3 Ra2 76. Kg1 f3 77. Rb8 f2+ 78. Kf1 Ra1+ 1/2-1/2

[Event "SK Schwandorf 1-TSV Trostberg 1"]
[Site "?"]
[Date "2023.10.22"]
[Round "1.7"]
[White "Huch, Reiner"]
[Black "Steger, Eric"]
[Result "1/2-1/2"]
[WhiteElo "2206"]
[BlackElo "1967"]
[PlyCount "90"]
[EventDate "2023.??.??"]
[WhiteTeam "TSV Trostberg 1"]
[BlackTeam "SK Schwandorf 1"]

1. d4 Nf6 2. c4 e6 3. Nf3 d5 4. Nc3 Be7 5. Bf4 c6 6. e3 Nbd7 7. Bd3 Nh5 8. Bg3 Nxg3 9. hxg3 h6 10. O-O O-O 11. e4 dxe4 12. Nxe4 Nf6 13. Qe2 g6 14. Rfd1 Nxe4 15. Qxe4 Bf6 16. Ne5 Bg7 17. c5 Qe7 18. b4 Rd8 19. Bc4 Bd7 20. a4 a6 21. f4 h5 22. Ra3 Be8 23. Rad3 Rac8 24. Qe2 Qf6 25. Rf1 Qf5 26. Rdd1 Rc7 27. Bd3 Qf6 28. Bc2 Rd5 29. Bb3 Rd8 30. g4 Qh4 31. gxh5 Qxh5 32. Qxh5 gxh5 33. Kf2 Re7 34. Ke3 Kh7 35. Rh1 f6 36. Bc2+ Kg8 37. Nf3 e5 38. dxe5 Rxd1 39. Rxd1 fxe5 40. Bb3+ Kf8 41. f5 e4 42. Nd4 Bh6+ 43. Ke2 Kg7 44. Nc2 Bd7 45. Ne3 Bxe3 1/2-1/2

[Event "SK Schwandorf 1-TSV Trostberg 1"]
[Site "?"]
[Date "2023.10.22"]
[Round "1.8"]
[White "Stoeckl, Stephan"]
[Black "Kern, Johannes"]
[Result "1/2-1/2"]
[WhiteElo "2028"]
[BlackElo "2148"]
[PlyCount "54"]
[EventDate "2023.??.??"]
[WhiteTeam "SK Schwandorf 1"]
[BlackTeam "TSV Trostberg 1"]

1. Nf3 d5 2. c4 e6 3. g3 Nf6 4. Bg2 dxc4 5. a4 c5 6. Na3 Nc6 7. Nxc4 Be7 8. O-O O-O 9. d3 Re8 10. Bd2 Bf8 11. Nfe5 Nxe5 12. Nxe5 Qc7 13. Nf3 Bd7 14. Qc2 Bc6 15. Bc3 Nd5 16. Be5 Qd7 17. b3 Rac8 18. Nd2 Nb4 19. Bxc6 Nxc6 20. Nf3 f6 21. Bb2 Nd4 22. Nxd4 cxd4 23. Qd2 Qd5 24. Rfc1 e5 25. Rc4 Rxc4 26. bxc4 Qd7 27. Qa5 Re6 1/2-1/2

[Event "SF Augsburg 1-SG PS Regensburg 1"]
[Site "?"]
[Date "2023.10.22"]
[Round "1.1"]
[White "Schmid, Roland"]
[Black "Pancevski, Filip"]
[Result "1/2-1/2"]
[WhiteElo "2209"]
[BlackElo "2446"]
[PlyCount "82"]
[EventDate "2023.??.??"]
[WhiteTeam "SG PS Regensburg 1"]
[BlackTeam "SF Augsburg 1"]

1. c4 e5 2. Nc3 d6 3. g3 f5 4. Bg2 Be7 5. d3 Nf6 6. e4 O-O 7. Nge2 fxe4 8. dxe4 c6 9. O-O Be6 10. b3 Nbd7 11. h3 h5 12. f4 a6 13. Ba3 Ne8 14. Nc1 b5 15. cxb5 axb5 16. Bb2 b4 17. Na4 c5 18. fxe5 Rxf1+ 19. Bxf1 dxe5 20. Nd3 Qb8 21. Nf2 h4 22. Bc4 Bxc4 23. Qxd7 Ra7 24. Qf5 Bf7 25. Ng4 c4 26. Bxe5 Qb5 27. Rf1 Bf8 28. Qg5 Ra6 29. Qf4 Qd7 30. gxh4 Qe6 31. Rf3 Rc6 32. bxc4 Qxc4 33. Nb2 Qc1+ 34. Qxc1 Rxc1+ 35. Kg2 Bxa2 36. Ne3 Bb1 37. Rf4 Bc5 38. Nd5 Nd6 39. Kf3 Nxe4 40. Rg4 Kf7 41. Rxg7+ Ke6 1/2-1/2

[Event "SF Augsburg 1-SG PS Regensburg 1"]
[Site "?"]
[Date "2023.10.22"]
[Round "1.2"]
[White "Colovic, Aleksandar"]
[Black "Loos, Roland"]
[Result "1-0"]
[WhiteElo "2416"]
[BlackElo "2234"]
[PlyCount "47"]
[EventDate "2023.??.??"]
[WhiteTeam "SF Augsburg 1"]
[BlackTeam "SG PS Regensburg 1"]

1. d4 Nf6 2. c4 e6 3. Bf4 d5 4. cxd5 exd5 5. Nc3 c6 6. e3 Bf5 7. Nge2 Qb6 8. Qc1 Be7 9. f3 h5 10. Qd2 h4 11. h3 Nbd7 12. Nc1 Nh5 13. Bh2 Ng3 14. Bxg3 hxg3 15. Bd3 Be6 16. N1e2 c5 17. O-O cxd4 18. Nxd4 Ne5 19. Bb5+ Kf8 20. f4 Nc6 21. f5 Nxd4 22. exd4 Bc8 23. Rae1 Qd6 24. Re5 1-0